000 00839nam a2200229 a 4500
001 BRCA_402
005 20190320203008.0
008 710125s1968 ctua---##b---#000-0#eng-#
040 _aDLC
_cDLC
_dDLC
050 4 _aNK4320.S7
_b.G64 1968
100 1 _aGoggin, John Mann
_d1916-1963
_91359
245 1 0 _aSpanish Majolica in the New World
_bTypes of the Sixteenth to Eighteenth Centuries
_cJohn M. Goggin.
260 _aNew Haven, Connecticut
_bYale University, Department of Anthropology
_c1968
300 _axix, 240 p.
_bil. a color
_c25 cm.
440 0 _aYale University Publications in Antropology
_n72
_91360
500 _aIncluye glosario
504 _aBibliografía: p. 230-240
650 1 4 _aMayólica
_zAmérica
_91361
650 1 4 _aCerámica
_ySiglo XVI-XVIII
_zAmérica
_91362
740 0 _aMayólica en el Nuevo Mundo
942 _2lcc
_cB
999 _c337
_d337